000 00873nam a2200277 i 4500
003 EG-GICUC
005 20260128133922.0
008 260128s1946 fr ||fr ||| 000 0 fre d
040 _aEG-GiCUC
_bfre
_cEG-GiCUC
_dEG-GiCUC
_eRda
041 0 _afre
082 0 4 _221
_a341.81
_bLA . P
092 0 4 _221
099 _aLaw1 12 341.81 LA . P 1946
100 1 _aLavergne, Bernard
_eAuteur
245 0 3 _aLe Problème Des Nationalisations /
_cBernard Lavergne.
264 2 _aParis :
_bPresses Universitaires De France,
_c1946.
300 _a184 page,
_c20 cm.
336 _2rda contenu
_a texte
337 _2rda medias
_aOrdinateur
338 _2 transporteur rda
_a Ressource en ligne
546 _aTexte en français
650 1 4 _aDroit international privé
856 4 0 _uhttps://fll.law.cu.edu.eg/fulltext/bks/B12-02317.pdf
905 _a48
942 _2ddc
_cBK
_e21
_n0
999 _c59937
_d59937